书目信息 |
| 题名: |
作为戏剧的歌剧
|
|
| 作者: | 科尔曼 , Kerman 著 ;杨燕迪 译 | |
| 分册: | ||
| 出版信息: | 上海 上海音乐学院出版社 2008.04 |
|
| 页数: | 12,264页 | |
| 开本: | 23cm | |
| 丛书名: | 上音译丛 | |
| 单 册: | ||
| 中图分类: | J832 | |
| 科图分类: | ||
| 主题词: | 西洋歌剧--研究 | |
| 电子资源: | ||
| ISBN: | 978-7-80692-353-5 | |
| 000 | 01148oam2 2200313 450 | |
| 001 | 012008059229 | |
| 005 | 20091221094803.44 | |
| 010 | @a978-7-80692-353-5@dCNY35.00 | |
| 100 | @a20080814d2008 em y0chiy0110 ea | |
| 101 | 1 | @achi@ceng |
| 102 | @aCN@b310000 | |
| 105 | @ay z 001yy | |
| 106 | @ar | |
| 200 | 1 | @a作为戏剧的歌剧@9zuo wei xi ju de ge ju@f(美)约瑟夫·科尔曼(Joseph Kerman)著@g杨燕迪译 |
| 210 | @a上海@c上海音乐学院出版社@d2008.04 | |
| 215 | @a12,264页@d23cm | |
| 225 | 2 | @a上音译丛 |
| 300 | @a上海市第二期重点学科“音乐文化史”特色学科建设项目(T0701) 教育部新世纪优秀人才支持计划项目(NCET) | |
| 320 | @a有索引 | |
| 330 | @a本书是西方歌剧研究中一部极其重要的经典名著,作者结合运用戏剧批评、历史研究和音乐分析等不同学科的研究方法,不但触及歌剧的深层美学理论,而且涉及非常具体的戏剧与音乐课题。 | |
| 461 | 0 | @12001 @a上音译丛@1701 0@a杨立青@4主编 |
| 510 | 1 | @aOpera as drama@zeng |
| 606 | 0 | @a西洋歌剧@x研究 |
| 690 | @aJ832@v4 | |
| 701 | 1 | @a科尔曼@9ke er man@bJ.@4著 |
| 701 | 1 | @aKerman@bJoseph@4著 |
| 702 | 0 | @a杨燕迪@9yang yan di@4译 |
| 801 | 0 | @aCN@bRENTIAN@c20091221 |
| 905 | @b20797895-99@dJ832@e111@f5 | |
| 作为戏剧的歌剧/(美)约瑟夫·科尔曼(Joseph Kerman)著/杨燕迪译.-上海:上海音乐学院出版社,2008.04 |
| 12,264页;23cm.-(上音译丛) |
| 上海市第二期重点学科“音乐文化史”特色学科建设项目(T0701) 教育部新世纪优秀人才支持计划项目(NCET) |
| ISBN 978-7-80692-353-5:CNY35.00 |
| 本书是西方歌剧研究中一部极其重要的经典名著,作者结合运用戏剧批评、历史研究和音乐分析等不同学科的研究方法,不但触及歌剧的深层美学理论,而且涉及非常具体的戏剧与音乐课题。 |
| ● |
| 相关链接 |
|
|
|
|
正题名:作为戏剧的歌剧
索取号:J832/111
 
预约/预借
| 序号 | 登录号 | 条形码 | 馆藏地/架位号 | 状态 | 备注 |
| 1 | 797895 | 207978955 | 第一样本阅览室/ [索取号:J832/111] | 在馆 | |
| 2 | 797896 | 207978964 | 第一借阅区/ [索取号:J832/111] | 在馆 | |
| 3 | 797897 | 207978973 | 第一借阅区/ [索取号:J832/111] | 在馆 | |
| 4 | 797898 | 207978982 | 第一借阅区/ [索取号:J832/111] | 在馆 | |
| 5 | 797899 | 207978991 | 音乐系资料室/ [索取号:J832/111] | 在馆 |